[Event "Lancaran op-A"]
[Site "Lancaran"]
[Date "2025.07.12"]
[Round "8"]
[White "Ibrahimli, Murad Sultanali"]
[Black "Garakhanov, Shamsi"]
[Result "1-0"]
[WhiteElo "2438"]
[BlackElo "2112"]
[PlyCount "81"]
[EventDate "2025.07.07"]
[EventType "swiss"]
[EventRounds "9"]
[EventCountry "AZE"]
[SourceTitle "CB29_2025"]
[SourceDate "2025.07.16"]
[SourceVersion "1"]
[SourceVersionDate "2025.07.16"]
[SourceQuality "1"]

1. Nf3 Nf6 2. c4 g6 3. g3 Bg7 4. Bg2 0-0 5. 0-0 c5 6. d4 cxd4 7. Qxd4 d6 8. Nc3 Nc6 9. Qh4 a6 10. Rd1 Qa5 11. Nd5 Be6 12. Bd2 Qd8 13. Nxf6+ Bxf6 14. Ng5 Bxg5 15. Bxg5 f6 16. Bd2 Rc8 17. b3 Qc7 18. Rac1 Rfd8 19. Bc3 Ne5 20. Qe4 b6 21. h3 Bf7 22. Qe3 Re8 23. g4 Rcd8 24. g5 Nd7 25. Qf4 e5 26. Qd2 Nc5 27. gxf6 Be6 28. Qg5 Qf7 29. Rd2 Bxh3 30. Bxh3 Ne4 31. Qh4 Nxd2 32. Bxd2 e4 33. Bc3 d5 34. e3 dxc4 35. bxc4 h5 36. Bd4 Rd6 37. Qg5 Kh7 38. Kh1 Rc6 39. Rg1 Rg8 40. Be5 Re8 41. Bf5 1-0

[Event "Lancaran op-A"]
[Site "Lancaran"]
[Date "2025.07.11"]
[Round "6"]
[White "Garakhanov, Shamsi"]
[Black "Mishra, Kamad"]
[Result "1-0"]
[WhiteElo "2112"]
[BlackElo "1957"]
[PlyCount "107"]
[EventDate "2025.07.07"]
[EventType "swiss"]
[EventRounds "9"]
[EventCountry "AZE"]
[SourceTitle "CB29_2025"]
[SourceDate "2025.07.16"]
[SourceVersion "1"]
[SourceVersionDate "2025.07.16"]
[SourceQuality "1"]

1. d4 Nf6 2. c4 g6 3. Nc3 Bg7 4. e4 d6 5. f4 c5 6. d5 0-0 7. Nf3 e6 8. Be2 exd5 9. cxd5 Re8 10. e5 dxe5 11. fxe5 Ng4 12. e6 fxe6 13. d6 Nc6 14. 0-0 Nd4 15. Ne4 Rf8 16. Kh1 Nf5 17. Bg5 Qe8 18. Nxc5 Bd7 19. Qb3 h6 20. Bc4 Kh8 21. Be7 Nxe7 22. dxe7 Rf6 23. Nxd7 Qxd7 24. h3 Rxf3 25. Rxf3 Ne5 26. Bxe6 Qxe7 27. Rff1 Re8 28. Bd5 b6 29. Qg3 Qb4 30. Bb3 Qd2 31. Rae1 Qxb2 32. Rf2 Qd4 33. Rfe2 Re7 34. Bc2 Qd6 35. Bxg6 Qf6 36. Bb1 Qg5 37. Qxg5 hxg5 38. Bf5 Kg8 39. Rc1 Bf6 40. Rc8+ Kg7 41. Rec2 Nf7 42. g4 Be5 43. Rd2 Bd6 44. Rc6 Bc5 45. Re6 Rxe6 46. Bxe6 Nd6 47. Bb3 a5 48. Kg2 Kf6 49. Re2 Nb5 50. Re6+ Kg7 51. Re5 Kf6 52. Rf5+ Kg6 53. Bc2 Kh6 54. Rf7 1-0

[Event "Lancaran op-A"]
[Site "Lancaran"]
[Date "2025.07.07"]
[Round "1"]
[White "Garakhanov, Shamsi"]
[Black "Jabbarli, Farid"]
[Result "1/2-1/2"]
[WhiteElo "2112"]
[BlackElo "1837"]
[PlyCount "224"]
[EventDate "2025.07.07"]
[EventType "swiss"]
[EventRounds "9"]
[EventCountry "AZE"]
[SourceTitle "CB29_2025"]
[SourceDate "2025.07.16"]
[SourceVersion "1"]
[SourceVersionDate "2025.07.16"]
[SourceQuality "1"]

1. d4 Nf6 2. c4 e6 3. g3 d5 4. Bg2 Be7 5. Nf3 0-0 6. 0-0 dxc4 7. Qc2 a6 8. a4 Nc6 9. Qxc4 Na5 10. Qc2 b6 11. Ne5 Bb7 12. Bxb7 Nxb7 13. Nc6 Qe8 14. Nxe7+ Qxe7 15. Bg5 h6 16. Bxf6 Qxf6 17. Qxc7 Na5 18. e3 Rfc8 19. Qxb6 Nc4 20. Qb7 Rab8 21. Qxa6 Ra8 22. Qb7 Rab8 23. Qe4 Rxb2 24. a5 Qd8 25. a6 Nd6 26. Qd3 Qb6 27. Nd2 Ra8 28. Rfc1 Rb5 29. Nc4 Nxc4 30. Rxc4 g6 31. Rca4 Ra7 32. h4 h5 33. Qc2 Qb8 34. Rc4 Kg7 35. Rc6 Rb2 36. Qc3 Kh7 37. Rc8 Rb1+ 38. Rxb1 Qxb1+ 39. Kg2 Rxa6 40. Qc2 Qxc2 41. Rxc2 Kg7 42. Kf3 Ra3 43. Kf4 Kf6 44. f3 Ra5 45. Rc5 Ra4 46. Rc6 Rb4 47. Ke4 Rb5 48. Rc1 Ra5 49. g4 Ra2 50. Kf4 hxg4 51. fxg4 Rf2+ 52. Kg3 Re2 53. Rc3 Re1 54. g5+ Kg7 55. Ra3 Rg1+ 56. Kh2 Rg4 57. Kh3 Re4 58. Kg3 Kf8 59. Ra8+ Kg7 60. Kf3 Rxh4 61. e4 Kh7 62. Rd8 Kg7 63. Re8 Kh7 64. Re7 Kg8 65. Rb7 Kf8 66. Ra7 Ke8 67. Ra1 Ke7 68. Re1 Kd6 69. Kg3 Rh5 70. Kg4 Rh2 71. Ra1 Rg2+ 72. Kf4 Rf2+ 73. Ke3 Rg2 74. Ra6+ Ke7 75. Kf4 e5+ 76. dxe5 Rf2+ 77. Kg3 Re2 78. Kf3 Re1 79. Rf6 Rg1 80. Kf4 Rf1+ 81. Ke3 Re1+ 82. Kd3 Rg1 83. e6 fxe6 84. Rxg6 Kd6 85. Rg8 Ke5 86. Ke3 Rg3+ 87. Kf2 Rg4 88. Kf3 Rf4+ 89. Kg3 Rxe4 90. Rf8 Re1 91. Kf2 Re4 92. Kf3 Re1 93. Kg4 Rg1+ 94. Kh5 Ke4 95. g6 e5 96. Kh6 Ke3 97. g7 e4 98. g8Q Rxg8 99. Rxg8 Kf2 100. Rf8+ Kg3 101. Re8 Kf3 102. Rf8+ Kg3 103. Rg8+ Kf3 104. Rf8+ Kg3 105. Re8 Kf3 106. Kg5 e3 107. Kh4 e2 108. Kh3 Kf2 109. Rf8+ Ke3 110. Re8+ Kf2 111. Kh2 e1Q 112. Rxe1 Kxe1 1/2-1/2

[Event "Sheki op-A"]
[Site "Sheki"]
[Date "2025.06.19"]
[Round "1"]
[White "Berdashkevich, Makar"]
[Black "Garakhanov, Shamsi"]
[Result "1/2-1/2"]
[WhiteElo "1816"]
[BlackElo "2110"]
[PlyCount "64"]
[EventDate "2025.06.19"]
[EventType "swiss"]
[EventRounds "9"]
[EventCountry "AZE"]
[SourceTitle "CB27_2025"]
[SourceDate "2025.07.02"]
[SourceVersion "1"]
[SourceVersionDate "2025.07.02"]
[SourceQuality "1"]

1. e4 c5 2. Nf3 d6 3. d4 cxd4 4. Nxd4 Nf6 5. f3 e5 6. Nb3 d5 7. Bg5 d4 8. c3 Nc6 9. cxd4 Bb4+ 10. Bd2 Nxe4 11. Bxb4 Qh4+ 12. g3 Nxg3 13. hxg3 Qxh1 14. Bc5 Bh3 15. N1d2 0-0-0 16. Qc2 Bxf1 17. 0-0-0 Qh6 18. Rxf1 b6 19. Qf5+ Kb8 20. Ba3 exd4 21. Qxf7 Rhe8 22. Kb1 Re2 23. Rc1 d3 24. Qc4 Kb7 25. Qb5 Qg6 26. Rxc6 Qe8 27. Rxb6+ axb6 28. Na5+ Ka7 29. Nc6+ Kb7 30. Na5+ Ka7 31. Nc6+ Kb7 32. Na5+ Kc7 1/2-1/2

[Event "AZE-ch 1st League"]
[Site "Baku"]
[Date "2025.01.06"]
[Round "1"]
[White "Garakhanov, Shamsi"]
[Black "Suleymanli, Suleyman"]
[Result "0-1"]
[WhiteElo "2022"]
[BlackElo "2280"]
[PlyCount "72"]
[EventDate "2025.01.06"]
[EventType "swiss"]
[EventRounds "9"]
[EventCountry "AZE"]
[SourceTitle "CB03_2025"]
[SourceDate "2025.01.15"]
[SourceVersion "1"]
[SourceVersionDate "2025.01.15"]
[SourceQuality "1"]

1. d4 d5 2. c4 dxc4 3. e3 Nf6 4. Bxc4 e6 5. Nf3 c5 6. 0-0 a6 7. e4 b5 8. Bd3 Bb7 9. d5 exd5 10. e5 Ne4 11. Bxe4 dxe4 12. Qxd8+ Kxd8 13. Ng5 Ke8 14. Re1 Nc6 15. Nd2 Nb4 16. Re2 e3 17. Nf1 h6 18. Nh3 exf2+ 19. Nxf2 Rd8 20. a3 Nc6 21. Be3 Nd4 22. Bxd4 Rxd4 23. Ng3 Bc8 24. Nfe4 Be6 25. Rae1 Kd7 26. Rf2 g6 27. Nf6+ Kc6 28. Ne2 Rd8 29. Nf4 c4 30. Nxe6 fxe6 31. Rf3 Bc5+ 32. Kf1 Rhf8 33. b3 Bxa3 34. bxc4 b4 35. Rb1 Rd4 36. Ke2 Rfd8 0-1

[Event "EU-ch U12"]
[Site "Prague"]
[Date "2024.08.31"]
[Round "9"]
[White "Garakhanov, Shamsi"]
[Black "Faryma, Maksym"]
[Result "1-0"]
[WhiteElo "1906"]
[BlackElo "2011"]
[PlyCount "127"]
[EventDate "2024.08.22"]
[EventType "swiss"]
[EventRounds "9"]
[EventCountry "CZE"]
[SourceTitle "CBM 221 Extra"]
[Source "ChessBase"]
[SourceDate "2024.09.30"]
[SourceVersion "1"]
[SourceVersionDate "2024.09.30"]
[SourceQuality "1"]

1. d4 Nf6 2. c4 e6 3. g3 d5 4. Bg2 Be7 5. Nf3 0-0 6. 0-0 Nbd7 7. Nc3 c6 8. Qd3 b6 9. cxd5 cxd5 10. Bf4 a6 11. Rac1 Nh5 12. Bd2 Bb7 13. a3 b5 14. Na2 Bd6 15. Bb4 Qb6 16. Rc2 Bxb4 17. axb4 Nhf6 18. Nc1 Qd6 19. Qb3 Nb6 20. Nd3 Nc4 21. Nc5 Ra7 22. Qd3 Bc8 23. b3 e5 24. dxe5 Nxe5 25. Nxe5 Qxe5 26. Rd2 Be6 27. f4 Qh5 28. f5 Bc8 29. Bxd5 Re7 30. e4 Qh6 31. Re2 Rfe8 32. Bc6 Rf8 33. Qd6 Ra7 34. e5 Ng4 35. Qxh6 Nxh6 36. e6 Re7 37. Ree1 Kh8 38. Bd7 Rd8 39. Bxc8 Rxc8 40. Ra1 Ra8 41. h3 g6 42. f6 Rxe6 43. Nxe6 fxe6 44. g4 Nf7 45. Rfd1 Kg8 46. Rd7 e5 47. Rc1 Ng5 48. Kg2 Ne4 49. Rcc7 Nxf6 50. Rg7+ Kh8 51. g5 Ne8 52. Rxh7+ Kg8 53. Ra7 Rc8 54. Rhe7 Rc2+ 55. Kf3 Kf8 56. Rxe5 Nd6 57. Rxa6 Nf7 58. Rxb5 Rc3+ 59. Kg4 Rxb3 60. Rxg6 Rc3 61. Rf6 Kg8 62. Rb8+ Kg7 63. Rb7 Rc4+ 64. Kh5 1-0

[Event "EU-ch U12"]
[Site "Prague"]
[Date "2024.08.30"]
[Round "8"]
[White "Jalving, August"]
[Black "Garakhanov, Shamsi"]
[Result "1/2-1/2"]
[WhiteElo "2027"]
[BlackElo "1906"]
[PlyCount "176"]
[EventDate "2024.08.22"]
[EventType "swiss"]
[EventRounds "9"]
[EventCountry "CZE"]
[SourceTitle "CBM 221 Extra"]
[Source "ChessBase"]
[SourceDate "2024.09.30"]
[SourceVersion "1"]
[SourceVersionDate "2024.09.30"]
[SourceQuality "1"]

1. e4 c5 2. Nf3 d6 3. d4 cxd4 4. Nxd4 Nf6 5. Nc3 a6 6. h3 e5 7. Nf3 Be7 8. g4 Be6 9. Ng5 h6 10. Nxe6 fxe6 11. Bc4 Qd7 12. a4 Nc6 13. Be3 Bd8 14. Qd3 Ba5 15. 0-0-0 0-0-0 16. f4 exf4 17. Bxf4 Bxc3 18. bxc3 e5 19. Bg3 Qc7 20. Bf2 Qa5 21. Bb3 Kb8 22. Kb2 Ka8 23. Rhe1 Kb8 24. Qe3 Kc7 25. Qd3 Rhf8 26. Bg1 Kb8 27. Qe3 Qc7 28. Qd3 Ng8 29. Rd2 Nge7 30. Red1 Ng6 31. Qe3 Nf4 32. h4 g5 33. hxg5 hxg5 34. Qb6 Rh8 35. a5 Rd7 36. Qxc7+ Rxc7 37. Bb6 Rcc8 38. Rxd6 Rh4 39. Ba4 Rxg4 40. Bxc6 bxc6 41. Rd7 Ng6 42. Rg7 Nf8 43. Rh1 Rf4 44. Rxg5 Rxe4 45. Rhh5 Nd7 46. Rg7 Nf6 47. Rf5 Ne8 48. Rd7 Nc7 49. Rff7 Nb5 50. Kb3 Re8 51. c4 Nd4+ 52. Kb2 Re2 53. Bxd4 exd4 54. Rxd4 R2e7 55. Rf6 Re6 56. Rdf4 Rxf6 57. Rxf6 Kc7 58. Rf7+ Kb8 59. Kc3 Re5 60. Kb4 Rg5 61. Rf8+ Kb7 62. Rf3 Kc7 63. Rb3 Rf5 64. Ka4 Rc5 65. Kb4 Rh5 66. c3 Rg5 67. Ka4 Rg4 68. Rb4 Rf4 69. Kb3 Rf5 70. Ka4 Rc5 71. Rb6 Rxc4+ 72. Kb3 Rc5 73. Rxa6 Rb5+ 74. Ka4 Kb7 75. Rb6+ Rxb6 76. axb6 Kxb6 77. Kb4 Kb7 78. Ka5 Ka7 79. Ka4 Kb6 80. Kb4 Kb7 81. Kc5 Kc7 82. c4 Kd7 83. Kd4 Kd6 84. Ke4 Kc5 85. Kd3 Kb4 86. Kd4 Kb3 87. Kc5 Kc3 88. Kxc6 Kxc4 1/2-1/2

[Event "EU-ch U12"]
[Site "Prague"]
[Date "2024.08.24"]
[Round "3"]
[White "Garakhanov, Shamsi"]
[Black "Golis, Wiktor"]
[Result "0-1"]
[WhiteElo "1906"]
[BlackElo "2216"]
[PlyCount "66"]
[EventDate "2024.08.22"]
[EventType "swiss"]
[EventRounds "9"]
[EventCountry "CZE"]
[SourceTitle "CBM 221 Extra"]
[Source "ChessBase"]
[SourceDate "2024.09.30"]
[SourceVersion "1"]
[SourceVersionDate "2024.09.30"]
[SourceQuality "1"]

1. d4 Nf6 2. Nf3 d5 3. c4 e6 4. g3 dxc4 5. Bg2 a6 6. 0-0 Nc6 7. a4 Rb8 8. Re1 Be7 9. e4 0-0 10. h3 b5 11. axb5 axb5 12. g4 Nb4 13. g5 Nd7 14. Bf1 Bd6 15. Nc3 c5 16. d5 Ne5 17. Nxe5 Bxe5 18. h4 Qc7 19. Be3 Rd8 20. Qd2 exd5 21. Nxd5 Nxd5 22. exd5 Bb7 23. Bg2 b4 24. Rac1 c3 25. Qe2 cxb2 26. Rxc5 Qd6 27. Ra5 Bc3 28. Rb1 Ra8 29. Rc5 Ra1 30. Be4 Bxd5 31. Bc2 Ba2 32. Rf1 b1Q 33. Bxb1 Bxb1 0-1

[Event "EU-ch U12"]
[Site "Prague"]
[Date "2024.08.23"]
[Round "2"]
[White "Oikonomopoulos, Filippos"]
[Black "Garakhanov, Shamsi"]
[Result "0-1"]
[WhiteElo "2088"]
[BlackElo "1906"]
[PlyCount "116"]
[EventDate "2024.08.22"]
[EventType "swiss"]
[EventRounds "9"]
[EventCountry "CZE"]
[SourceTitle "CBM 221 Extra"]
[Source "ChessBase"]
[SourceDate "2024.09.30"]
[SourceVersion "1"]
[SourceVersionDate "2024.09.30"]
[SourceQuality "1"]

1. e4 c5 2. Nf3 d6 3. d4 cxd4 4. Nxd4 Nf6 5. Nc3 a6 6. Bg5 e6 7. a3 Be7 8. Qf3 0-0 9. 0-0-0 Qc7 10. g4 b5 11. Bd2 Nc6 12. Nxc6 Qxc6 13. g5 Nd7 14. h4 Rb8 15. h5 a5 16. g6 b4 17. Nb1 Bf6 18. axb4 axb4 19. h6 fxg6 20. Qh3 Kf7 21. hxg7 Bxg7 22. f4 Rh8 23. e5 Bb7 24. Rh2 b3 25. c3 d5 26. Be3 Ba6 27. Bg2 Bc4 28. Nd2 Ra8 29. Nf3 Ra1+ 30. Kd2 Rxd1+ 31. Kxd1 Nf8 32. Nd4 Qa6 33. Qg4 h5 34. Qg3 Rg8 35. Bh3 Bf1 36. Nxb3 Bxh3 37. Qxh3 Qa4 38. Kc2 Nd7 39. f5 Qe4+ 40. Kd2 exf5 41. e6+ Qxe6 42. Re2 Nf6 43. Nc5 Ne4+ 44. Nxe4 dxe4 45. Bg5 Rb8 46. Ke1 Ra8 47. Qe3 Ra1+ 48. Kf2 Rd1 49. Rd2 Rxd2+ 50. Qxd2 Bf6 51. Bf4 h4 52. b4 Qe7 53. Qd5+ Kg7 54. Bd6 Qf7 55. Qc5 Qa2+ 56. Ke3 Bg5+ 57. Bf4 Bxf4+ 58. Kxf4 Qh2+ 0-1

[Event "GEO World Cup-B U12"]
[Site "Batumi"]
[Date "2024.06.28"]
[Round "6"]
[White "Gabadadze, Gabriel"]
[Black "Garakhanov, Shamsi"]
[Result "1-0"]
[WhiteElo "1975"]
[BlackElo "1884"]
[PlyCount "69"]
[EventDate "2024.06.23"]
[EventType "swiss"]
[EventRounds "7"]
[EventCountry "GEO"]
[SourceTitle "EXT 2025"]
[Source "ChessBase"]
[SourceDate "2024.10.14"]
[SourceVersion "1"]
[SourceVersionDate "2024.10.14"]
[SourceQuality "1"]

1. e4 c5 2. Nf3 d6 3. Bb5+ Nd7 4. c3 a6 5. Bd3 Ngf6 6. Bc2 b5 7. d4 cxd4 8. cxd4 Bb7 9. Nbd2 g6 10. 0-0 Bg7 11. Re1 0-0 12. Nb3 e5 13. d5 a5 14. a4 b4 15. Bd3 Ne8 16. Bg5 f6 17. Bd2 h6 18. Nh4 g5 19. Nf5 Bc8 20. Qh5 Kh7 21. Bb5 Nb8 22. Qf3 Nc7 23. Bd3 Bxf5 24. Qxf5+ Kg8 25. Rac1 Kh8 26. Be3 Nd7 27. Rc6 Ne8 28. Rec1 Rg8 29. Ba6 Qe7 30. Bb5 Qd8 31. Nxa5 Rb8 32. Nb3 Rf8 33. Bd2 Nb6 34. Bxb4 Qe7 35. Ba5 1-0

[Event "GEO World Cup-B U12"]
[Site "Batumi"]
[Date "2024.06.23"]
[Round "1"]
[White "Garakhanov, Shamsi"]
[Black "Suleymanov, Askhab"]
[Result "1-0"]
[WhiteElo "1884"]
[BlackElo "1630"]
[PlyCount "53"]
[EventDate "2024.06.23"]
[EventType "swiss"]
[EventRounds "7"]
[EventCountry "GEO"]
[SourceTitle "EXT 2025"]
[Source "ChessBase"]
[SourceDate "2024.10.14"]
[SourceVersion "1"]
[SourceVersionDate "2024.10.14"]
[SourceQuality "1"]

1. d4 Nf6 2. c4 g6 3. Nc3 Bg7 4. e4 d6 5. Nf3 0-0 6. h3 e5 7. d5 a5 8. Be3 Na6 9. g4 Nd7 10. Rg1 Nac5 11. Be2 Kh8 12. g5 f5 13. gxf6 Qxf6 14. h4 Re8 15. h5 b6 16. hxg6 h6 17. Qd2 Nf8 18. Bxh6 Nxg6 19. Rh1 Kg8 20. Bg5 Qf7 21. 0-0-0 Bg4 22. Nh4 Bxe2 23. Qxe2 Nf4 24. Bxf4 Qxf4+ 25. Kb1 Kf7 26. Qh5+ Kg8 27. Nf5 1-0